Hallássérültek oktatása Kolozsváron

Elmentve itt :
Bibliográfiai részletek
Szerző: Szabó Enikő
Dokumentumtípus: Cikk
Megjelent: 1994
Sorozat:Iskolakultúra 4 No. 4
Kulcsszavak:Siketek tanítása - magyar - Románia, Kolozsvár, Csökkent képességű gyermek - nevelés - oktatás
Online Access:http://misc.bibl.u-szeged.hu/44066
LEADER 00674nab a2200181 i 4500
001 misc44066
005 20191106141157.0
008 180917s1994 hu o 0|| zxx d
022 |a 1215-5233 
040 |a SZTE Miscellanea Repozitórium  |b hun 
041 |a zxx 
100 1 |a Szabó Enikő 
245 1 0 |a Hallássérültek oktatása Kolozsváron  |h [elektronikus dokumentum] /  |c  Szabó Enikő 
260 |c 1994 
300 |a 94-95 
490 0 |a Iskolakultúra  |v 4 No. 4 
695 |a Siketek tanítása - magyar - Románia, Kolozsvár, Csökkent képességű gyermek - nevelés - oktatás 
856 4 0 |u http://misc.bibl.u-szeged.hu/44066/1/iskolakultura_1994_004_094-095.pdf  |z Dokumentum-elérés